000 00247nam a2200097Ia 4500
008 190216s9999||||xx |||||||||||||| ||und||
100 _aDr.Meenakshi Sundaran T P
245 0 _aThamizh Sahithya Charithram
260 _bKerala Basha Inst
942 _cBK
999 _c37669
_d37669